| 000 | 00738nam a2200253 a 4500 | ||
|---|---|---|---|
| 001 | 25670 | ||
| 003 | CO-ViMGA | ||
| 008 | 141112s2004 ck r 000 u spa d | ||
| 020 | _a9789588613451 | ||
| 040 |
_aCO-ViMGA _bspa _cCO-ViMGA |
||
| 041 | _aSPA | ||
| 082 | 0 | 4 | _a291.178 P11e |
| 100 | 1 |
_aPabón Villamizar, Gabriel _931431 |
|
| 245 | 1 | 0 |
_aEn el nombre del Señor : _bel negocio de la religión / _cGabriel Pabón Villamizar |
| 250 | _a1a ed., 1a reimpr. | ||
| 260 |
_aBogotá : _bDebate, _c2013 |
||
| 300 | _a238 p. | ||
| 500 | _aIncluye índice | ||
| 650 | 1 | 4 |
_aética Y MORAL _939471 |
| 650 | 1 | 4 |
_aRELIGION Y MORAL _939472 |
| 650 | 1 | 4 |
_aRELIGIONES _972 |
| 650 | 1 | 4 |
_aRELIGIONES - ASPECTOS SOCIALES _939473 |
| 942 |
_2ddc _cBK |
||
| 999 |
_c5238 _d5238 |
||